Проектирование и расчет железобетонных балок с переменным преднапряжением (Запись № 9878895)
[ простой вид ]
| 000 -МАРКЕР | |
|---|---|
| контрольное поле | 02138nam0a2200361 i 4500 |
| 001 - ИДЕНТИФИКАТОР ЗАПИСИ | |
| контрольное поле | RU\NLR\BIBL_A\010735031 |
| 005 - ИДЕНТИФИКАТОР ВЕРСИИ | |
| контрольное поле | 20240921211051.0 |
| 010 ## - МЕЖДУНАРОДНЫЙ СТАНДАРТНЫЙ НОМЕР КНИГИ (ISBN) | |
| Номер (ISBN) | 9785952501010 |
| Тираж | 300 |
| 021 ## - НОМЕР ГОСУДАРСТВЕННОЙ РЕГИСТРАЦИИ | |
| Код страны | Российская Федерация |
| Номер | 2015-15499 |
| Номер Листа государственной регистраци | 937 |
| 035 ## - ДРУГИЕ СИСТЕМНЫЕ НОМЕРА | |
| Идентификатор записи | (NILC)RuMoRGB-007884011 |
| 035 ## - ДРУГИЕ СИСТЕМНЫЕ НОМЕРА | |
| Идентификатор записи | (NLR Aleph) 010735031 |
| 100 ## - ДАННЫЕ ОБЩЕЙ ОБРАБОТКИ | |
| Данные общей обработки | 20150421d2013 km y0rusy50 ca |
| 101 0# - ЯЗЫК РЕСУРСА | |
| Язык текста, звукозаписи и т.д. | русский |
| 102 ## - СТРАНА ПУБЛИКАЦИИ ИЛИ ПРОИЗВОДСТВА | |
| Страна публикации | Российская Федерация |
| 105 ## - ПОЛЕ КОДИРОВАННЫХ ДАННЫХ: ТЕКСТОВЫЕ МАТЕРИАЛЫ, МОНОГРАФИЧЕСКИЕ | |
| Кодированные данные о монографическом текстовом документе | a z 000yy |
| 200 1# - ЗАГЛАВИЕ И СВЕДЕНИЯ ОБ ОТВЕТСТВЕННОСТИ | |
| Основное заглавие | Проектирование и расчет железобетонных балок с переменным преднапряжением |
| Сведения, относящиеся к заглавию | монография |
| Первые сведения об ответственности | Д. Р. Маилян, М. В. Осипов, Д. А. Дедух, С. А. Тарновский |
| Последующие сведения об ответственности | М-во образования и науки Российской Федерации, Федеральное гос. бюджет. образоват. учреждение высш. проф. образования "Ростовский гос. строит. ун-т" |
| 210 ## - ПУБЛИКАЦИЯ, РАСПРОСТРАНЕНИЕ И ДР. | |
| Место издания, распространения и т.д. | Ростов-на-Дону |
| Имя издателя, распространителя и т. д. | Ростовский гос. строит. ун-т |
| Дата издания, распространения и т.д. | 2013 |
| 215 ## - ФИЗИЧЕСКАЯ ХАРАКТЕРИСТИКА | |
| Специфическое обозначение материала и объем | 125 с. |
| Другие сведения о физической характеристике | ил., табл. |
| Размеры | 21 |
| 300 ## - ОБЩИЕ ПРИМЕЧАНИЯ | |
| Текст примечания | На обороте тит. л. авт.: Д.Р. Маилян, д.т.н., М.В. Осипов, к.т.н. |
| 320 ## - ПРИМЕЧАНИЯ О НАЛИЧИИ В ДОКУМЕНТЕ БИБЛИОГРАФИИ / УКАЗАТЕЛЯ | |
| Текст примечания | Библиогр.: с. 112-125 (149 назв.) |
| 606 ## - НАИМЕНОВАНИЕ ТЕМЫ КАК ПРЕДМЕТ | |
| Наименование темы | Железобетонные конструкции предварительно напряженные |
| Тематический подзаголовок | Проектирование |
| Системный номер авторитетной/нормативной записи | 2206085 |
| Идентификатор авторитетной/нормативной записи | RU\NLR\AUTH\661325419 |
| 606 1# - НАИМЕНОВАНИЕ ТЕМЫ КАК ПРЕДМЕТ | |
| Наименование темы | Железобетонные балки |
| Тематический подзаголовок | Проектирование |
| Системный номер авторитетной/нормативной записи | 1098537 |
| Идентификатор авторитетной/нормативной записи | RU\NLR\AUTH\66432169 |
| 686 1# - ИНДЕКСЫ ДРУГИХ КЛАССИФИКАЦИЙ | |
| Индекс | Н539.110.7-02 |
| 701 #1 - ИМЯ ЛИЦА - АЛЬТЕРНАТИВНАЯ ОТВЕТСТВЕННОСТЬ | |
| Начальный элемент ввода | Маилян |
| Часть имени, кроме начального элемента ввода | Д. Р. |
| Расширение инициалов личного имени | Дмитрий Рафаэлович |
| 701 #1 - ИМЯ ЛИЦА - АЛЬТЕРНАТИВНАЯ ОТВЕТСТВЕННОСТЬ | |
| Начальный элемент ввода | Осипов |
| Часть имени, кроме начального элемента ввода | М. В. |
| Дополнения к именам, кроме дат | канд. техн. наук |
| Расширение инициалов личного имени | Михаил Владимирович |
| Системный номер авторитетной/нормативной записи | 144525 |
| Идентификатор авторитетной/нормативной записи | RU\NLR\AUTH\770144561 |
| 701 #1 - ИМЯ ЛИЦА - АЛЬТЕРНАТИВНАЯ ОТВЕТСТВЕННОСТЬ | |
| Начальный элемент ввода | Дедух |
| Часть имени, кроме начального элемента ввода | Д. А. |
| Расширение инициалов личного имени | Дмитрий Андреевич |
| 701 #1 - ИМЯ ЛИЦА - АЛЬТЕРНАТИВНАЯ ОТВЕТСТВЕННОСТЬ | |
| Начальный элемент ввода | Тарновский |
| Часть имени, кроме начального элемента ввода | С. А. |
| Расширение инициалов личного имени | Станислав Александрович |
| 801 #0 - ИСТОЧНИК ЗАПИСИ | |
| Страна | Российская Федерация |
| Организация | РГБ |
| Дата составления | 20150311 |
| Правила каталогизации | RCR |
| 942 ## - ДОПОЛНИТЕЛЬНЫЕ ЭЛЕМЕНТЫ ЗАПИСИ (АБИС) | |
| Тип экземпляра АБИС | Книга |
| 980 ## - КОЛЛЕКЦИЯ | |
| Название коллекции | НБР |
Нет доступных экземпляров.